Statistics for Kpop Songs by the Alphabet (Easy Ver.)

Click here to take the quiz!

General Stats

  • This quiz has been taken 816 times
  • The average score is 11 of 26

Answer Stats

LetterGroupAnswer% Correct
Q(G) I - DLEQueencard
73%
AIVEAfter Like
66%
ONew JeansOMG
64%
XJeon SomiXOXO
61%
DEverglowDun Dun
59%
ZRed VelvetZimzalabim
55%
IIVEI am
54%
TTwiceTT
53%
LItzyLoco
52%
WItzyWannabe
50%
KBlackPinkKill this Love
49%
FBlackPinkForever Young
46%
SKiss of LifeShh
45%
BStray KidsBack Door
43%
CTwiceCheer Up
42%
NItzyNot Shy
39%
UKep1erUp
37%
PLE SSERAFIMPerfect Night
33%
VStray KidsVenom
29%
YTwiceYes or Yes
27%
GKep1erGalileo
26%
ELE SSERAFIMEve, Psyche, and the Bluebeard's Wife
25%
HTwiceHeartshaker
20%
RStray KidsRed Lights
17%
MRed VelvetMonster
13%
JNCT DreamJoy
3%

Score Distribution

Percentile by Number Answered

Percent of People with Each Score

Your Score History

You have not taken this quiz